000 00749nam a2200217Ia 4500
003 GCL
008 140319s9999 xx 000 0 ara d
020 _a1363301977
040 _aGCL /
_cGCL
082 0 4 _aق
_b953.0962
_bم ا
100 1 _aمحمد عفيفى
245 1 0 _aالاقباط فى مصر فى العصر العثمانى /
_cمحمد عفيفى
260 _aالقاهرة :
_bالهيئة المصرية العامة للكتاب ،
_c1992
300 _a335 ص ؛
_c20 سم
490 _aتاريخ المصريين
_v54
650 0 4 _aمصر
650 0 4 _aالمسيحيون المصريون
650 0 4 _aالاقليات
650 0 4 _aمصر - تاريخ - العصر العثمانى ( 1517-1914 م )
942 _2ddc
_cBK
999 _c52176
_d52176